| 000 | 01511cam a2200253 4500 | ||
|---|---|---|---|
| 001 | ABS64932 | ||
| 008 | 011213n2001 000 0 eng u | ||
| 035 | _a(Sirsi) u115994 | ||
| 100 | _aHarris, N | ||
| 245 | _aPlanning policy, policy guidance and technical advice | ||
| 260 | _c2001 | ||
| 490 |
_aTown Planning Review _v72(4) October 2001, 393-422(30) |
||
| 520 | _aThe planning system in Wales has evolved during the past five years in response to political change, policy reform and devolution. The framework for the publication of central government planning policy and related information in Wales has, partly as a result of these changes, taken on a different form to that which it has historically shared with England. A central element in the revised format for the dissemination of planning policy in Wales is the ability to distinguish clearly between planning policy and technical advice. The paper provides an account of the recent evolution of the planning framework in Wales and gives the essential context for an assessment and analysis of the Technical Advice Notes (TAN) series in order to establish its role, function and content. [TAKEN FROM JOURNAL HEADNOTE] References. | ||
| 590 | _aABS | ||
| 650 | _aWALES | ||
| 650 | _aENGLAND | ||
| 650 | _aPLANNING POLICY GUIDANCE | ||
| 650 | _aPPG | ||
| 650 | _aTECHNICAL ADVICE NOTES | ||
| 650 | _aPLANNING SYSTEM | ||
| 650 | _aDEVOLUTION | ||
| 690 | _aENVIRONMENTAL AND LAND CONSULTANCY-PLANNING AND DEVELOPMENT | ||
| 942 | _n0 | ||
| 999 |
_c69110 _d69110 |
||